000 00434nam a22001577a 4500
003 MPLRDC
005 20220104142810.0
008 210129b ||||| |||| 00| 0 eng d
082 _a051.5 K1SX 1973-1976
100 _a吴美恩主编
245 _a吉隆坡区假期师训毕业特刊
_c
260 _a
_b吉隆区假期师训毕业班
_c1976
300 _b
650 _a学术纪要、学刊
942 _cBK
_o051.5 K1SX 1973-1976
999 _c33797
_d33787